|
|
|
|
| LEADER |
00684cam a2200229 7i4500 |
| 001 |
0000028440 |
| 005 |
20130409090000.0 |
| 020 |
0 |
0 |
|a 9781741798234
|
| 090 |
0 |
0 |
|a ASEA 910.202
|b SIN
|
| 245 |
0 |
0 |
|a Vietnam, Cambodia, Laos & Northern Thailand :
|b lonely planet.
|
| 250 |
0 |
0 |
|a 3rd ed.
|
| 260 |
0 |
0 |
|a [S.l]:
|b Lonely Planet Publications,
|c 2012.
|
| 300 |
# |
# |
|a 543 p.
|
| 650 |
0 |
0 |
|a Vietnam --
|x Guidebooks
|
| 650 |
0 |
0 |
|a Cambodia --
|x Guidebooks
|
| 650 |
0 |
0 |
|a Laos --
|x Guidebooks
|
| 650 |
0 |
0 |
|a Northern Thailand --
|x Guidebooks
|
| 651 |
0 |
0 |
|a Vietnam
|
| 651 |
0 |
0 |
|a Laos
|
| 651 |
0 |
0 |
|a Cambodia
|
| 651 |
0 |
0 |
|a Northern Thailand
|
| 999 |
|
|
|a B000031900
|b Book
|c Countries
|e Business Information Centre
|